00334nam a2200133Ia 4500008004100000020001700041041001200058082001100070100001700081245004800098260003100146300000800177650001500185221030s9999 xx 000 0 und d a10140392645X aEnglish a105.23 aN. Gopalsamy 0aCapital Market - The Indian Financial Scene bMacmillanaNew Delhic2007 a733 aManagement